| 000 | 00536nam a22001817a 4500 | ||
|---|---|---|---|
| 003 | CEME | ||
| 005 | 20210628202127.0 | ||
| 008 | 210225b xxu||||| |||| 00| 0 eng d | ||
| 020 | _a0-7506-5146-6 | ||
| 040 | _c. | ||
| 082 | _a621.3815 ROB | ||
| 100 |
_aRobertson, Christopher.R _958362 |
||
| 245 | _aFurther electrical and electronic principles | ||
| 260 |
_aNEW DELHI _bOXFORD _c2001 |
||
| 300 | _aVIII,290P | ||
| 650 |
_aELECTRICAL AND ELECTRONIC PRINCIPLES ELECTRICAL PRINCIPLES ELECTRONIC PRINCIPLES _958363 |
||
| 942 |
_cBK _2ddc |
||
| 999 |
_c568559 _d568559 |
||